[Event "VIII Iberoamericano Mexico 2022"]
[Site "Mexico City"]
[Date "2022.02.17"]
[Round "6.32"]
[White "Tapie Amione, Pablo Adib"]
[Black "Benito De Leo, Estefania"]
[Result "1-0"]
[WhiteElo "2241"]
[BlackElo "1657"]
[Annotator "NA"]
[PlyCount "85"]
[EventDate "2022.02.12"]
[EventType "swiss"]
[EventCountry "MEX"]
[SourceTitle "playchess.com"]
[Source "ChessBase"]
[SourceQuality "1"]
[TimeControl "5400+30"]

1. e4 {[%emt 0:01:26]} e5 {[%emt 0:00:10]} 2. Nf3 {[%emt 0:00:12]} Nc6 {[%emt 0:00:04]} 3. Bb5 {[%emt 0:00:36]} a6 {[%emt 0:00:05]} 4. Ba4 {[%emt 0:00:04]} Nf6 {[%emt 0:00:05]} 5. O-O {[%emt 0:00:07]} Be7 {[%emt 0:00:05]} 6. Re1 {[%emt 0:00:13]} b5 {[%emt 0:00:04]} 7. Bb3 {[%emt 0:00:03]} O-O {[%emt 0:00:13]} 8. a4 {[%emt 0:01:18]} b4 {[%emt 0:03:57]} 9. a5 {[%emt 0:07:14]} d6 {[%emt 0:01:41]} 10. d3 {[%emt 0:01:21]} Rb8 {[%emt 0:12:44]} 11. Nbd2 {[%emt 0:02:31]} Re8 {[%emt 0:03:56]} 12. c3 {[%emt 0:06:34]} Bf8 {[%emt 0:07:34]} 13. d4 {[%emt 0:08:52]} bxc3 {[%emt 0:10:53]} 14. bxc3 {[%emt 0:00:09]} d5 {[%emt 0:05:02]} 15. exd5 {[%emt 0:27:38]} Nxd5 {[%emt 0:02:07]} 16. Bxd5 {[%emt 0:00:36]} Qxd5 {[%emt 0:00:10]} 17. c4 {[%emt 0:00:03]} Qd8 {[%emt 0:02:29]} 18. d5 {[%emt 0:00:28]} Nb4 {[%emt 0:08:13]} 19. Ba3 {[%emt 0:03:23]} f6 {[%emt 0:15:12]} 20. Ne4 {[%emt 0:03:43]} Bf5 {[%emt 0:02:48]} 21. Ng3 {[%emt 0:06:10]} Bc2 {[%emt 0:00:07]} 22. Qd2 {[%emt 0:00:21]} Bg6 {[%emt 0:04:55]} 23. Nh4 {[%emt 0:04:01]} Bf7 {[%emt 0:00:01]} 24. Reb1 {[%emt 0:01:07]} Nc6 {[%emt 0:00:41]} 25. Rxb8 {[%emt 0:00:54]} Nxb8 {[%emt 0:00:09]} 26. Bxf8 {[%emt 0:00:14]} Rxf8 {[%emt 0:00:47]} 27. Ngf5 {[%emt 0:01:11]} c6 {[%emt 0:04:40]} 28. Qb4 {[%emt 0:01:01]} cxd5 {[%emt 0:01:30]} 29. cxd5 {[%emt 0:00:04]} Kh8 {[%emt 0:01:19]} 30. Rd1 {[%emt 0:00:43]} Nd7 {[%emt 0:01:48]} 31. h3 {[%emt 0:01:40]} g6 {[%emt 0:01:15]} 32. Ne7 {[%emt 0:07:06]} Qb8 {[%emt 0:01:07]} 33. Qa3 {[%emt 0:06:21]} Qb5 {[%emt 0:02:04]} 34. Qd6 {[%emt 0:01:02]} Qa4 {[%emt 0:02:55]} 35. Rc1 {[%emt 0:00:02]} Qxh4 {[%emt 0:00:13]} 36. Qxd7 {[%emt 0:00:02]} Qb4 {[%emt 0:01:50]} 37. Qc7 {[%emt 0:01:27]} Re8 {[%emt 0:04:05]} 38. d6 {[%emt 0:00:06]} Be6 {[%emt 0:01:22]} 39. Nc6 {[%emt 0:02:48]} Qa3 {[%emt 0:01:04]} 40. Nd8 {[%emt 0:00:23]} Qb2 {[%emt 0:00:34]} 41. Nxe6 {[%emt 0:00:09]} Rxe6 {[%emt 0:00:13]} 42. d7 {[%emt 0:00:02]} Kg7 {[%emt 0:00:45]} 43. d8=N+ {[%emt 0:00:19]} 1-0

[Event "VIII Iberoamericano Mexico 2022"]
[Site "Mexico City"]
[Date "2022.02.17"]
[Round "6.33"]
[White "Guerrero Rodriguez, Alejandra"]
[Black "Miranda Rodriguez, Tania"]
[Result "0-1"]
[WhiteElo "2019"]
[BlackElo "2174"]
[Annotator "NA"]
[PlyCount "50"]
[EventDate "2022.02.12"]
[EventType "swiss"]
[EventCountry "MEX"]
[SourceTitle "playchess.com"]
[Source "ChessBase"]
[SourceQuality "1"]
[TimeControl "5400+30"]

1. e4 {[%emt 0:03:03]} e5 {[%emt 0:00:23]} 2. Nf3 {[%emt 0:00:56]} Nc6 {[%emt 0:00:12]} 3. Bb5 {[%emt 0:00:08]} a6 {[%emt 0:00:30]} 4. Ba4 {[%emt 0:00:09]} Nf6 {[%emt 0:00:21]} 5. O-O {[%emt 0:01:49]} b5 {[%emt 0:00:32]} 6. Bb3 {[%emt 0:00:09]} Bc5 {[%emt 0:00:07]} 7. a4 {[%emt 0:00:38]} Rb8 {[%emt 0:00:26]} 8. Nxe5 {[%emt 0:04:32]} Nxe5 {[%emt 0:06:08]} 9. d4 {[%emt 0:00:58]} Bxd4 {[%emt 0:01:03]} 10. Qxd4 {[%emt 0:00:08]} d6 {[%emt 0:00:48]} 11. f4 {[%emt 0:00:13]} c5 {[%emt 0:01:26]} 12. Qd1 {[%emt 0:06:09]} Neg4 {[%emt 0:05:26]} 13. e5 {[%emt 0:06:38]} c4 {[%emt 0:21:17]} 14. a5 {[%emt 0:10:27]} Ne4 {[%emt 0:06:52]} 15. Qd4 {[%emt 0:10:10]} d5 {[%emt 0:14:40]} 16. Ba2 {[%emt 0:02:09]} Qh4 {[%emt 0:12:02]} 17. h3 {[%emt 0:02:03]} h5 {[%emt 0:01:16]} 18. Nc3 {[%emt 0:03:29]} Ng3 {[%emt 0:05:04]} 19. Bd2 {[%emt 0:05:27]} b4 {[%emt 0:01:19]} 20. Qxd5 {[%emt 0:05:35]} bxc3 {[%emt 0:02:48]} 21. Qc6+ {[%emt 0:01:46]} Bd7 {[%emt 0:00:55]} 22. Qd6 {[%emt 0:00:10]} Rc8 {[%emt 0:01:13]} 23. Be1 {[%emt 0:02:02]} Rh6 {[%emt 0:02:04]} 24. Qb4 {[%emt 0:03:51]} Ne2+ {[%emt 0:00:32]} 25. Kh1 {[%emt 0:00:45]} Qxh3+ {[%emt 0:15:36]} 0-1

[Event "VIII Iberoamericano Mexico 2022"]
[Site "Mexico City"]
[Date "2022.02.17"]
[Round "6.34"]
[White "Zaragoza Alanis, Miguel Arnulfo"]
[Black "Gongora Montes, Benjamin"]
[Result "1/2-1/2"]
[WhiteElo "1342"]
[BlackElo "2157"]
[Annotator "NA"]
[PlyCount "82"]
[EventDate "2022.02.12"]
[EventType "swiss"]
[EventCountry "MEX"]
[SourceTitle "playchess.com"]
[Source "ChessBase"]
[SourceQuality "1"]
[TimeControl "5400+30"]

1. e4 {[%emt 0:00:05]} e5 {[%emt 0:00:06]} 2. Nf3 {[%emt 0:00:05]} Nc6 {[%emt 0:00:05]} 3. Bc4 {[%emt 0:00:05]} Nf6 {[%emt 0:00:36]} 4. d3 {[%emt 0:00:16]} h6 {[%emt 0:00:13]} 5. O-O {[%emt 0:02:07]} d6 {[%emt 0:00:56]} 6. Re1 {[%emt 0:01:28]} g5 {[%emt 0:00:15]} 7. Nc3 {[%emt 0:00:45]} Bg4 {[%emt 0:00:30]} 8. Ne2 {[%emt 0:01:15]} Bxf3 {[%emt 0:00:37]} 9. gxf3 {[%emt 0:00:02]} Qd7 {[%emt 0:00:35]} 10. Ng3 {[%emt 0:00:22]} Ne7 {[%emt 0:03:58]} 11. Kf1 {[%emt 0:00:57]} Qh3+ {[%emt 0:01:01]} 12. Ke2 {[%emt 0:00:05]} Ng6 {[%emt 0:00:10]} 13. Be3 {[%emt 0:01:25]} d5 {[%emt 0:02:21]} 14. exd5 {[%emt 0:01:43]} O-O-O {[%emt 0:00:18]} 15. c3 {[%emt 0:02:02]} Nxd5 {[%emt 0:01:23]} 16. Bxd5 {[%emt 0:02:49]} Rxd5 {[%emt 0:00:08]} 17. Qa4 {[%emt 0:00:43]} Bc5 {[%emt 0:02:46]} 18. Qg4+ {[%emt 0:10:11]} Qxg4 {[%emt 0:00:26]} 19. fxg4 {[%emt 0:00:02]} Be7 {[%emt 0:03:53]} 20. Nf5 {[%emt 0:02:22]} f6 {[%emt 0:02:38]} 21. Rh1 {[%emt 0:03:12]} Rhd8 {[%emt 0:17:55]} 22. Rad1 {[%emt 0:00:34]} Bf8 {[%emt 0:03:03]} 23. a3 {[%emt 0:03:40]} a5 {[%emt 0:06:40]} 24. b4 {[%emt 0:04:37]} axb4 {[%emt 0:00:43]} 25. axb4 {[%emt 0:00:38]} b6 {[%emt 0:00:10]} 26. d4 {[%emt 0:07:10]} exd4 {[%emt 0:01:04]} 27. Rxd4 {[%emt 0:02:37]} Ne5 {[%emt 0:03:05]} 28. h3 {[%emt 0:00:49]} Nc6 {[%emt 0:03:12]} 29. Rxd5 {[%emt 0:00:40]} Rxd5 {[%emt 0:00:10]} 30. Rd1 {[%emt 0:00:08]} Rxd1 {[%emt 0:00:22]} 31. Kxd1 {[%emt 0:00:02]} Kd7 {[%emt 0:00:20]} 32. f4 {[%emt 0:00:54]} Ke6 {[%emt 0:00:43]} 33. Kd2 {[%emt 0:00:35]} Kd5 {[%emt 0:01:40]} 34. Kd3 {[%emt 0:00:28]} b5 {[%emt 0:00:18]} 35. Bd2 {[%emt 0:07:20]} Bd6 {[%emt 0:10:17]} 36. Ne3+ {[%emt 0:01:54]} Ke6 {[%emt 0:00:07]} 37. f5+ {[%emt 0:00:16]} Ke5 {[%emt 0:14:23]} 38. Ng2 {[%emt 0:01:18]} Kd5 {[%emt 0:00:11]} 39. Ne3+ {[%emt 0:00:10]} Ke5 {[%emt 0:00:07]} 40. Ng2 {[%emt 0:00:01]} Kd5 {[%emt 0:00:06]} 41. Ne3+ {[%emt 0:00:02]} Ke5 {[%emt 0:23:29]} 1/2-1/2

[Event "VIII Iberoamericano Mexico 2022"]
[Site "Mexico City"]
[Date "2022.02.17"]
[Round "6.35"]
[White "Corrales Jimenez, Zenia"]
[Black "Nava Ruiz, Miguel Angel"]
[Result "1-0"]
[WhiteElo "2151"]
[BlackElo "1696"]
[Annotator "NA"]
[PlyCount "131"]
[EventDate "2022.02.12"]
[EventType "swiss"]
[EventCountry "MEX"]
[SourceTitle "playchess.com"]
[Source "ChessBase"]
[SourceQuality "1"]
[TimeControl "5400+30"]

1. e4 {[%emt 0:00:03]} c6 {[%emt 0:01:45]} 2. d4 {[%emt 0:00:28]} d5 {[%emt 0:00:25]} 3. Nc3 {[%emt 0:00:58]} dxe4 {[%emt 0:01:06]} 4. Nxe4 {[%emt 0:00:07]} Nf6 {[%emt 0:00:57]} 5. Ng3 {[%emt 0:00:52]} g6 {[%emt 0:01:37]} 6. Nf3 {[%emt 0:00:27]} Bg7 {[%emt 0:00:31]} 7. Bc4 {[%emt 0:03:09]} c5 {[%emt 0:01:28]} 8. c3 {[%emt 0:09:33]} cxd4 {[%emt 0:03:12]} 9. Nxd4 {[%emt 0:00:35]} O-O {[%emt 0:01:19]} 10. O-O {[%emt 0:00:14]} Qc7 {[%emt 0:03:31]} 11. Qb3 {[%emt 0:02:50]} Nc6 {[%emt 0:03:30]} 12. Nxc6 {[%emt 0:01:15]} Qxc6 {[%emt 0:02:32]} 13. Be3 {[%emt 0:10:09]} b6 {[%emt 0:04:00]} 14. Be2 {[%emt 0:04:12]} Be6 {[%emt 0:01:36]} 15. c4 {[%emt 0:02:10]} Rac8 {[%emt 0:00:52]} 16. Rac1 {[%emt 0:00:13]} Ng4 {[%emt 0:03:22]} 17. Bg5 {[%emt 0:06:36]} Qc5 {[%emt 0:03:37]} 18. Bd2 {[%emt 0:04:34]} Rfd8 {[%emt 0:04:51]} 19. Bb4 {[%emt 0:02:41]} Qc7 {[%emt 0:04:06]} 20. Qa3 {[%emt 0:00:11]} a5 {[%emt 0:07:14]} 21. Bc3 {[%emt 0:04:08]} Ne5 {[%emt 0:00:36]} 22. b3 {[%emt 0:02:19]} Nc6 {[%emt 0:07:28]} 23. Bxg7 {[%emt 0:04:43]} Kxg7 {[%emt 0:00:10]} 24. c5 {[%emt 0:04:54]} Bd5 {[%emt 0:04:29]} 25. Qb2+ {[%emt 0:03:00]} Kg8 {[%emt 0:02:58]} 26. Ba6 {[%emt 0:02:36]} Rb8 {[%emt 0:00:48]} 27. cxb6 {[%emt 0:01:12]} Qxb6 {[%emt 0:00:23]} 28. Bc4 {[%emt 0:00:05]} a4 {[%emt 0:01:27]} 29. Bxd5 {[%emt 0:04:44]} Rxd5 {[%emt 0:00:11]} 30. Qc3 {[%emt 0:00:15]} Nb4 {[%emt 0:03:37]} 31. bxa4 {[%emt 0:00:12]} Nxa2 {[%emt 0:00:39]} 32. Qc4 {[%emt 0:00:06]} Qb3 {[%emt 0:01:44]} 33. Qxb3 {[%emt 0:02:13]} Rxb3 {[%emt 0:00:04]} 34. Rc7 {[%emt 0:00:07]} Re5 {[%emt 0:03:42]} 35. Rc2 {[%emt 0:03:18]} Nb4 {[%emt 0:00:28]} 36. Rc8+ {[%emt 0:00:24]} Kg7 {[%emt 0:00:07]} 37. Rb8 {[%emt 0:00:03]} Ra5 {[%emt 0:02:26]} 38. Ne4 {[%emt 0:01:12]} Rb2 {[%emt 0:00:40]} 39. Nc3 {[%emt 0:04:44]} Rc5 {[%emt 0:04:04]} 40. Nd1 {[%emt 0:03:07]} Rb1 {[%emt 0:01:10]} 41. Ne3 {[%emt 0:00:05]} Rcc1 {[%emt 0:01:05]} 42. g3 {[%emt 0:00:40]} Kf6 {[%emt 0:03:07]} 43. Kg2 {[%emt 0:01:38]} Rxf1 {[%emt 0:00:16]} 44. Nxf1 {[%emt 0:00:01]} Rb2 {[%emt 0:01:04]} 45. a5 {[%emt 0:08:22]} Nd3 {[%emt 0:00:42]} 46. Rxb2 {[%emt 0:00:10]} Nxb2 {[%emt 0:00:04]} 47. Nd2 {[%emt 0:01:05]} Na4 {[%emt 0:00:25]} 48. Ne4+ {[%emt 0:00:11]} Kf5 {[%emt 0:03:40]} 49. Kf3 {[%emt 0:00:07]} h6 {[%emt 0:00:52]} 50. Ke3 {[%emt 0:02:31]} Ke5 {[%emt 0:00:07]} 51. g4 {[%emt 0:01:48]} Kd5 {[%emt 0:02:55]} 52. h4 {[%emt 0:01:44]} Kc6 {[%emt 0:05:13]} 53. h5 {[%emt 0:00:04]} gxh5 {[%emt 0:00:43]} 54. gxh5 {[%emt 0:00:01]} Nc5 {[%emt 0:01:22]} 55. Ng5 {[%emt 0:01:32]} Nd7 {[%emt 0:00:17]} 56. Nxf7 {[%emt 0:00:17]} Nf6 {[%emt 0:00:05]} 57. Nxh6 {[%emt 0:01:24]} Nxh5 {[%emt 0:00:04]} 58. Nf5 {[%emt 0:00:33]} Kb5 {[%emt 0:00:47]} 59. Nxe7 {[%emt 0:00:04]} Kxa5 {[%emt 0:00:03]} 60. Ke4 {[%emt 0:00:29]} Kb5 {[%emt 0:00:43]} 61. Ke5 {[%emt 0:00:19]} Kc4 {[%emt 0:01:08]} 62. Nd5 {[%emt 0:00:05]} Kc5 {[%emt 0:00:28]} 63. Nf4 {[%emt 0:00:18]} Ng7 {[%emt 0:00:34]} 64. Ne6+ {[%emt 0:00:01]} Nxe6 {[%emt 0:00:08]} 65. Kxe6 {[%emt 0:00:02]} Kd4 {[%emt 0:00:31]} 66. f4 {[%emt 0:05:20]} 1-0

[Event "VIII Iberoamericano Mexico 2022"]
[Site "Mexico City"]
[Date "2022.02.17"]
[Round "6.36"]
[White "Montes Orozco, Miguel Angel"]
[Black "Flores Guerrero, Jesus Aldair"]
[Result "1/2-1/2"]
[WhiteElo "1914"]
[BlackElo "2251"]
[Annotator "NA"]
[PlyCount "67"]
[EventDate "2022.02.12"]
[EventType "swiss"]
[EventCountry "MEX"]
[SourceTitle "playchess.com"]
[Source "ChessBase"]
[SourceQuality "1"]
[TimeControl "5400+30"]

1. d4 {[%emt 0:00:02]} Nf6 {[%emt 0:16:15]} 2. c4 {[%emt 0:00:14]} e6 {[%emt 0:00:03]} 3. Nf3 {[%emt 0:00:06]} b6 {[%emt 0:00:05]} 4. g3 {[%emt 0:00:13]} Bb7 {[%emt 0:00:11]} 5. Bg2 {[%emt 0:00:09]} Bb4+ {[%emt 0:00:25]} 6. Nbd2 {[%emt 0:00:24]} O-O {[%emt 0:00:15]} 7. O-O {[%emt 0:11:49]} Qc8 {[%emt 0:01:40]} 8. a3 {[%emt 0:00:21]} Bxd2 {[%emt 0:01:23]} 9. Bxd2 {[%emt 0:00:23]} Ne4 {[%emt 0:00:13]} 10. Bf4 {[%emt 0:00:45]} f5 {[%emt 0:01:01]} 11. d5 {[%emt 0:08:38]} d6 {[%emt 0:04:34]} 12. Ng5 {[%emt 0:00:57]} Nxg5 {[%emt 0:06:15]} 13. Bxg5 {[%emt 0:00:05]} e5 {[%emt 0:00:06]} 14. Bd2 {[%emt 0:00:12]} Nd7 {[%emt 0:02:56]} 15. f4 {[%emt 0:23:56]} e4 {[%emt 0:01:01]} 16. g4 {[%emt 0:04:18]} Nf6 {[%emt 0:11:27]} 17. g5 {[%emt 0:01:18]} Ne8 {[%emt 0:02:12]} 18. Rc1 {[%emt 0:16:05]} c6 {[%emt 0:00:58]} 19. dxc6 {[%emt 0:30:05]} Qxc6 {[%emt 0:00:33]} 20. e3 {[%emt 0:00:00]} Rf7 {[%emt 0:03:58]} 21. b4 {[%emt 0:00:00]} d5 {[%emt 0:07:23]} 22. cxd5 {[%emt 0:00:00]} Qxd5 {[%emt 0:00:09]} 23. Bc3 {[%emt 0:00:00]} Qe6 {[%emt 0:00:47]} 24. Be5 {[%emt 0:00:00]} Bd5 {[%emt 0:06:45]} 25. Qd4 {[%emt 0:00:00]} Bb3 {[%emt 0:01:21]} 26. Rf2 {[%emt 0:00:00]} Rd7 {[%emt 0:01:34]} 27. Qb2 {[%emt 0:00:00]} Bc4 {[%emt 0:06:38]} 28. Rd2 {[%emt 0:00:15]} Rad8 {[%emt 0:00:06]} 29. Rcd1 {[%emt 0:00:35]} Kf7 {[%emt 0:09:56]} 30. Rxd7+ {[%emt 0:01:12]} Rxd7 {[%emt 0:00:06]} 31. Rd4 {[%emt 0:00:04]} Rd5 {[%emt 0:08:22]} 32. Qc3 {[%emt 0:01:13]} b5 {[%emt 0:04:40]} 33. Bf1 {[%emt 0:00:20]} Rxd4 {[%emt 0:03:04]} 34. Qxd4 {[%emt 0:00:09]} 1/2-1/2

[Event "VIII Iberoamericano Mexico 2022"]
[Site "Mexico City"]
[Date "2022.02.17"]
[Round "6.37"]
[White "Garcia Guerrero, Isaac Antonio"]
[Black "Cortes Rodriguez, Marco"]
[Result "1-0"]
[WhiteElo "2338"]
[BlackElo "2001"]
[Annotator "NA"]
[PlyCount "68"]
[EventDate "2022.02.12"]
[EventType "swiss"]
[EventCountry "MEX"]
[SourceTitle "playchess.com"]
[Source "ChessBase"]
[SourceQuality "1"]
[TimeControl "5400+30"]

1. d4 {[%emt 0:00:03]} Nf6 {[%emt 0:06:20]} 2. Bg5 {[%emt 0:00:46]} c5 {[%emt 0:00:04]} 3. Nc3 {[%emt 0:00:12]} cxd4 {[%emt 0:00:02]} 4. Qxd4 {[%emt 0:00:08]} Nc6 {[%emt 0:00:03]} 5. Qh4 {[%emt 0:00:16]} d6 {[%emt 0:00:07]} 6. e4 {[%emt 0:00:17]} h6 {[%emt 0:00:06]} 7. O-O-O {[%emt 0:00:38]} Qa5 {[%emt 0:00:04]} 8. Bxf6 {[%emt 0:00:30]} gxf6 {[%emt 0:00:05]} 9. f4 {[%emt 0:00:15]} Rg8 {[%emt 0:00:22]} 10. f5 {[%emt 0:01:07]} Ne5 {[%emt 0:00:19]} 11. Nf3 {[%emt 0:00:57]} Bd7 {[%emt 0:01:12]} 12. Nxe5 {[%emt 0:06:00]} fxe5 {[%emt 0:07:52]} 13. Bc4 {[%emt 0:01:44]} Rc8 {[%emt 0:00:32]} 14. Bb3 {[%emt 0:01:22]} Rxc3 {[%emt 0:00:02]} 15. bxc3 {[%emt 0:01:04]} Qxc3 {[%emt 0:00:19]} 16. Kb1 {[%emt 0:01:32]} a5 {[%emt 0:01:48]} 17. Rd3 {[%emt 0:11:54]} Qb4 {[%emt 0:00:19]} 18. a3 {[%emt 0:00:51]} Qb6 {[%emt 0:00:37]} 19. Qh5 {[%emt 0:04:12]} Rg7 {[%emt 0:00:26]} 20. Rg3 {[%emt 0:00:33]} e6 {[%emt 0:02:55]} 21. a4 {[%emt 0:06:33]} Rxg3 {[%emt 0:01:34]} 22. hxg3 {[%emt 0:01:28]} Qb4 {[%emt 0:03:36]} 23. Ka2 {[%emt 0:26:27]} d5 {[%emt 0:02:14]} 24. fxe6 {[%emt 0:02:06]} Qa3+ {[%emt 0:02:03]} 25. Kb1 {[%emt 0:00:10]} Bxe6 {[%emt 0:00:49]} 26. exd5 {[%emt 0:01:12]} Bd7 {[%emt 0:01:17]} 27. Qxe5+ {[%emt 0:06:25]} Kd8 {[%emt 0:00:01]} 28. Rf1 {[%emt 0:01:17]} f5 {[%emt 0:00:47]} 29. g4 {[%emt 0:03:51]} Bd6 {[%emt 0:00:29]} 30. Qf6+ {[%emt 0:01:03]} Kc7 {[%emt 0:00:16]} 31. Qc3+ {[%emt 0:01:08]} Kb8 {[%emt 0:01:41]} 32. gxf5 {[%emt 0:01:18]} Bxa4 {[%emt 0:01:40]} 33. Qa1 {[%emt 0:01:21]} Bxb3 {[%emt 0:01:05]} 34. Qxa3 {[%emt 0:00:15]} Bxc2+ {[%emt 0:00:02]} 1-0

[Event "VIII Iberoamericano Mexico 2022"]
[Site "Mexico City"]
[Date "2022.02.17"]
[Round "6.38"]
[White "Amezcua Luria, Jesus"]
[Black "Blanco Fernandez, Alvaro"]
[Result "0-1"]
[WhiteElo "2001"]
[BlackElo "2216"]
[Annotator "NA"]
[PlyCount "64"]
[EventDate "2022.02.12"]
[EventType "swiss"]
[EventCountry "MEX"]
[SourceTitle "playchess.com"]
[Source "ChessBase"]
[SourceQuality "1"]
[TimeControl "5400+30"]

1. d4 {[%emt 0:08:22]} e6 {[%emt 0:00:08]} 2. c4 {[%emt 0:00:16]} b6 {[%emt 0:00:08]} 3. Nc3 {[%emt 0:04:18]} Bb7 {[%emt 0:00:14]} 4. Nf3 {[%emt 0:01:55]} f5 {[%emt 0:00:38]} 5. g3 {[%emt 0:01:47]} Bxf3 {[%emt 0:01:34]} 6. exf3 {[%emt 0:00:03]} Nf6 {[%emt 0:00:52]} 7. Bg2 {[%emt 0:01:44]} d5 {[%emt 0:00:10]} 8. O-O {[%emt 0:01:04]} c6 {[%emt 0:00:49]} 9. Re1 {[%emt 0:01:15]} Kf7 {[%emt 0:00:42]} 10. Qa4 {[%emt 0:10:41]} Bd6 {[%emt 0:06:49]} 11. Bg5 {[%emt 0:07:01]} Qd7 {[%emt 0:19:46]} 12. Bxf6 {[%emt 0:10:23]} Kxf6 {[%emt 0:00:42]} 13. f4 {[%emt 0:00:38]} a6 {[%emt 0:02:30]} 14. Qb3 {[%emt 0:00:47]} Ra7 {[%emt 0:13:46]} 15. cxd5 {[%emt 0:04:05]} cxd5 {[%emt 0:02:13]} 16. Nxd5+ {[%emt 0:01:06]} exd5 {[%emt 0:00:26]} 17. Bxd5 {[%emt 0:00:09]} g6 {[%emt 0:02:03]} 18. Qxb6 {[%emt 0:08:56]} Rd8 {[%emt 0:00:14]} 19. Rac1 {[%emt 0:03:51]} Rc7 {[%emt 0:01:59]} 20. Rcd1 {[%emt 0:13:25]} Kg7 {[%emt 0:02:12]} 21. Re6 {[%emt 0:05:57]} Nc6 {[%emt 0:03:11]} 22. Rde1 {[%emt 0:04:14]} Nb4 {[%emt 0:08:11]} 23. Bf3 {[%emt 0:02:27]} Bf8 {[%emt 0:01:46]} 24. h4 {[%emt 0:01:40]} Nc2 {[%emt 0:03:04]} 25. Rd1 {[%emt 0:02:26]} Nxd4 {[%emt 0:02:53]} 26. Kg2 {[%emt 0:02:36]} Bc5 {[%emt 0:01:23]} 27. Qa5 {[%emt 0:02:21]} Qc8 {[%emt 0:03:59]} 28. Rxa6 {[%emt 0:00:30]} Nxf3 {[%emt 0:00:41]} 29. Rxd8 {[%emt 0:00:27]} Qxd8 {[%emt 0:00:37]} 30. Qc3+ {[%emt 0:00:34]} Nd4 {[%emt 0:00:15]} 31. Qc4 {[%emt 0:00:27]} Bb6 {[%emt 0:01:12]} 32. Qf1 {[%emt 0:01:05]} Qd5+ {[%emt 0:21:23]} 0-1

[Event "VIII Iberoamericano Mexico 2022"]
[Site "Mexico City"]
[Date "2022.02.17"]
[Round "6.39"]
[White "Hernandez Jimenez, Alexander Andres"]
[Black "Castellanos Hernandez, Emilio Au"]
[Result "1-0"]
[WhiteElo "2167"]
[BlackElo "1939"]
[Annotator "NA"]
[PlyCount "63"]
[EventDate "2022.02.12"]
[EventType "swiss"]
[EventCountry "MEX"]
[SourceTitle "playchess.com"]
[Source "ChessBase"]
[SourceQuality "1"]
[TimeControl "5400+30"]

1. e4 {[%emt 0:00:02]} e6 {[%emt 0:01:02]} 2. d4 {[%emt 0:00:18]} d5 {[%emt 0:00:02]} 3. exd5 {[%emt 0:00:37]} exd5 {[%emt 0:00:06]} 4. Bd3 {[%emt 0:00:11]} Nc6 {[%emt 0:02:23]} 5. c3 {[%emt 0:00:11]} Bd6 {[%emt 0:00:11]} 6. Qf3 {[%emt 0:00:29]} Be6 {[%emt 0:02:42]} 7. Ne2 {[%emt 0:00:17]} Nf6 {[%emt 0:04:24]} 8. h3 {[%emt 0:03:16]} h6 {[%emt 0:03:41]} 9. Bf4 {[%emt 0:00:52]} Qe7 {[%emt 0:13:44]} 10. Bxd6 {[%emt 0:02:38]} Qxd6 {[%emt 0:00:35]} 11. Nd2 {[%emt 0:01:42]} Ne7 {[%emt 0:09:12]} 12. O-O {[%emt 0:08:04]} O-O {[%emt 0:03:42]} 13. Ng3 {[%emt 0:03:50]} Qb6 {[%emt 0:03:20]} 14. Nb3 {[%emt 0:14:48]} Rae8 {[%emt 0:07:35]} 15. Nc5 {[%emt 0:14:19]} Bc8 {[%emt 0:02:21]} 16. b4 {[%emt 0:09:35]} Qd6 {[%emt 0:01:26]} 17. Rfe1 {[%emt 0:01:18]} Nc6 {[%emt 0:09:40]} 18. Nf5 {[%emt 0:04:35]} Rxe1+ {[%emt 0:05:51]} 19. Rxe1 {[%emt 0:00:04]} Bxf5 {[%emt 0:00:20]} 20. Qxf5 {[%emt 0:01:23]} g6 {[%emt 0:01:25]} 21. Qf3 {[%emt 0:00:38]} Nd8 {[%emt 0:01:07]} 22. Bc2 {[%emt 0:06:32]} b6 {[%emt 0:06:41]} 23. Nd3 {[%emt 0:00:10]} Kg7 {[%emt 0:00:03]} 24. Nf4 {[%emt 0:05:45]} a5 {[%emt 0:06:03]} 25. a3 {[%emt 0:06:27]} Nb7 {[%emt 0:00:10]} 26. Re5 {[%emt 0:01:07]} c6 {[%emt 0:00:58]} 27. Qe3 {[%emt 0:01:36]} Nd8 {[%emt 0:03:35]} 28. Qg3 {[%emt 0:03:01]} Nd7 {[%emt 0:01:09]} 29. Re6 {[%emt 0:02:03]} Qxf4 {[%emt 0:04:25]} 30. Rxg6+ {[%emt 0:00:23]} Kh8 {[%emt 0:00:05]} 31. Qxf4 {[%emt 0:00:41]} fxg6 {[%emt 0:00:02]} 32. Qxh6+ {[%emt 0:00:02]} 1-0